Guía metodológica para el desarrollo de Planes Municipales de Cultura
Saved in:
| Institution som forfatter: | |
|---|---|
| Format: | Bog |
| Sprog: | spansk |
| Udgivet: |
Santiago
Consejo Nacional de la Cultura y las Artes
2009
|
| Udgivelse: | 1a. ed |
| Fag: | |
| Tags: |
Tilføj Tag
Ingen Tags, Vær først til at tagge denne postø!
|
MARC
| LEADER | 00000nam a2200000 a 4500 | ||
|---|---|---|---|
| 001 | UCG0962 | ||
| 003 | CL-VaPUC | ||
| 008 | 100415e20090000CL |||||||||||||||||spa|d | ||
| 020 | |a 9789568327552 | ||
| 082 | 0 | 4 | |a 306 |b CON |2 21 |
| 110 | 2 | |a Consejo Nacional de la Cultura y las Artes |e author |9 548672 | |
| 245 | 1 | 0 | |a Guía metodológica para el desarrollo de Planes Municipales de Cultura |
| 250 | |a 1a. ed | ||
| 300 | |a 52 p | ||
| 942 | |c BK | ||
| 945 | |d 20100415 00:00:00 |a cmena | ||
| 260 | |a Santiago |b Consejo Nacional de la Cultura y las Artes |c 2009 | ||
| 650 | 0 | |a Desarrollo cultural |9 267526 | |
| 650 | 0 | |a Patrimonio cultural |9 309364 | |
| 650 | 0 | |a Gestión cultural |9 521696 | |
| 650 | 0 | |a Centros culturales |9 373824 | |
| 650 | 0 | |a Política gubernamental |9 262286 | |
| 650 | 0 | |a Municipalidades |9 255557 | |
| 583 | |a last modification |c 20131230 06:49:47 |k Rodrigo Vera | ||
| 999 | |c 340443 |d 340441 | ||
| 952 | |0 0 |1 0 |4 0 |6 306_000000000000000_CON_2009 |7 0 |8 A |9 435211 |a BIBARQ |b BIBARQ |d 2019-11-22 |i 4637127 |o 306 CON 2009 |p 4637127 |r 2025-01-20 |w 2019-11-22 |y BK |k ARQ | ||
| 952 | |0 0 |1 0 |4 0 |6 306_000000000000000_CON_2009 |7 0 |8 A |9 435212 |a BIBCUR |b BIBCUR |d 2019-11-22 |i 4657799 |o 306 CON 2009 |p 4657799 |r 2025-04-22 |w 2019-11-22 |y BK |k PER | ||